|
|
|
|
| LEADER |
03539nam a2200409 a 4500 |
| 001 |
20813 |
| 003 |
BD-DhAAL |
| 005 |
20250723121711.0 |
| 008 |
100818s2010 nyu 001 0 eng d |
| 010 |
|
|
|a 2010002857
|
| 020 |
|
|
|a 9789845060110
|
| 020 |
|
|
|a 9781586488246 (hardcover)
|
| 040 |
|
|
|a DLC
|c DLC
|d BD-DhAAL
|
| 082 |
0 |
0 |
|a 658.407
|2 23
|
| 100 |
1 |
|
|a Yunus, Muhammad,
|d 1940-
|9 24068
|
| 245 |
1 |
0 |
|a Building social business :
|b the new kind of capitalism that serves humanity's most pressing needs /
|c Muhammad Yunus with Karl Weber.
|
| 260 |
|
|
|a New York :
|b Public Affairs, ;
|a Dhaka :
|b The University Press.
|c 2010.
|
| 300 |
|
|
|a xxv, 226 pages ;
|c 25 cm.
|
| 500 |
|
|
|a Includes index.
|
| 505 |
0 |
|
|a Introduction: social business-from dream to reality -- Why social business? -- Growing pains : lessons in adaptation and change from the story of -- Grameen danone -- Launching a social business -- To cure one child : a social business approach to health care -- Legal and financial frameworks for social business -- "Social R&D" : Grameen veolia explores new ways to serve human needs -- Creating a social business infrastructure -- Glimpses of tomorrow : the future of social business -- Social business and the current crisis.
|
| 541 |
1 |
|
|a Donated By Akbar Ali Khan
Donated By Rebecca Dipa Khan
Donated by Farhana Zahir (Assistant Professor, BRAC Business School)
|e 20813, 40498, 42293, 44491
|
| 650 |
|
0 |
|a Social responsibility of business.
|9 24069
|
| 650 |
|
0 |
|a Social entrepreneurship.
|9 24070
|
| 650 |
|
0 |
|a Capitalism
|x Moral and ethical aspects.
|9 24071
|
| 700 |
1 |
|
|a Weber, Karl,
|d 1953-
|9 24072
|
| 852 |
4 |
|
|a Ayesha Abed Library
|j General Stacks
|
| 942 |
0 |
0 |
|0 4
|2 ddc
|c BK
|
| 999 |
|
|
|c 9220
|d 9220
|
| 952 |
|
|
|0 0
|1 0
|2 ddc
|4 0
|6 658_407000000000000_YUN_2010
|7 0
|9 11652
|a BRACUL
|b BRACUL
|c GEN
|d 2010-08-18
|l 5
|m 50
|o 658.407 YUN
|p 3010020813
|r 2017-08-09
|s 2017-01-16
|t 1
|w 2010-08-18
|y BK
|
| 952 |
|
|
|0 0
|1 0
|2 ddc
|4 0
|6 658_407000000000000_YUN_2010
|7 0
|9 11653
|a BRACUL
|b BRACUL
|c GEN
|d 2010-08-18
|l 8
|m 41
|o 658.407 YUN
|p 3010020814
|r 2018-01-10
|s 2017-10-09
|t 2
|w 2010-08-18
|y BK
|
| 952 |
|
|
|0 0
|1 0
|2 ddc
|4 0
|6 658_407000000000000_YUN_2010
|7 0
|9 11654
|a BRACUL
|b BRACUL
|c GEN
|d 2024-02-19
|l 9
|m 39
|o 658.407 YUN
|p 3010020815
|r 2021-06-08
|s 2019-12-24
|t 3
|y BK
|
| 952 |
|
|
|0 0
|1 0
|2 ddc
|4 0
|6 658_407000000000000_YUN
|7 0
|9 20840
|a IGS
|b IGS
|c GEN
|d 2012-07-31
|e The University Press
|g 395.00
|l 1
|m 2
|o 658.407 YUN
|p 3010025696
|r 2014-06-10
|s 2013-02-18
|t 4
|w 2012-07-31
|y BK
|
| 952 |
|
|
|0 0
|1 0
|2 ddc
|4 0
|6 658_407000000000000_YUN
|7 0
|9 56574
|a BRACUL
|b BRACUL
|c GEN
|d 2015-11-02
|e BIL
|l 1
|o 658.407 YUN
|p 3010030139
|r 2015-11-02
|s 2015-11-02
|t 5
|w 2015-11-02
|y BK
|x Transferred from BIL to BRACUL on 06/06/22
|
| 952 |
|
|
|0 0
|1 0
|2 ddc
|4 0
|6 658_400000000000000_07_YUN_2010
|7 0
|9 62036
|a BRACUL
|b BRACUL
|c GEN
|d 2017-11-29
|g 2372.00
|l 3
|m 52
|o 658.407 YUN
|p 3010032371
|r 2019-11-06
|s 2019-11-02
|t 6
|w 2017-11-29
|y BK
|
| 952 |
|
|
|0 0
|1 0
|2 ddc
|4 0
|6 658_407000000000000_YUN
|7 1
|9 73224
|a BRACUL
|b BRACUL
|c AAKC
|d 2023-02-12
|e Donated By Akbar Ali Khan
|g 697.00
|l 0
|o 658.407 YUN
|p 3010040498
|r 2023-02-12
|t 7
|w 2023-02-12
|y BK
|x Rs. 550.00
|
| 952 |
|
|
|0 0
|1 0
|2 ddc
|4 0
|6 658_407000000000000_YUN
|7 0
|9 75161
|a BRACUL
|b BRACUL
|c GEN
|d 2024-02-19
|e Donated By Rebecca Dipa Khan
|g 697.00
|l 0
|o 658.407 YUN
|p 3010042293
|r 2024-02-19
|t 8
|w 2024-02-19
|y BK
|x Rs. 550.00
|
| 952 |
|
|
|0 0
|1 0
|2 ddc
|4 0
|6 658_407000000000000_YUN
|7 0
|9 77876
|a BRACUL
|b BRACUL
|c GEN
|d 2024-02-19
|e Donated by Farhana Zahir, Assistant Professor, BBS, BRAC University.
|g 695.00
|l 0
|o 658.407 YUN
|p 3010044491
|r 2025-07-21
|t 9
|v 790.00
|w 2024-02-19
|y BK
|x Donated by Farhana Zahir, Assistant Professor, BBS, BRAC University.
|